[Event "Pontevedra op-B 10th"]
[Site "Pontevedra"]
[Date "2022.07.30"]
[Round "9.7"]
[White "Longueira Alonso, Breixo"]
[Black "Marques, Afonso Mendes Perei"]
[Result "1-0"]
[WhiteElo "1734"]
[BlackElo "1518"]
[PlyCount "73"]
[EventDate "2022.07.24"]
[EventType "swiss"]
[EventRounds "9"]
[EventCountry "ESP"]
[SourceTitle "EXT 2023"]
[Source "ChessBase"]
[SourceDate "2022.10.05"]
[SourceVersion "1"]
[SourceVersionDate "2022.10.05"]
[SourceQuality "1"]

1. e4 c5 2. Nc3 Nc6 3. f4 d6 4. Nf3 g6 5. Bc4 Bg7 6. d3 e6 7. 0-0 Nge7 8. Qe1 0-0 9. Bb3 a6 10. a4 Rb8 11. Qh4 d5 12. f5 exf5 13. exd5 Nd4 14. Bg5 f6 15. Bf4 Nxb3 16. cxb3 g5 17. Nxg5 fxg5 18. Bxg5 Rf7 19. Rae1 Qb6 20. Rxe7 Rxe7 21. Bxe7 c4+ 22. Kh1 cxd3 23. Qg3 Ra8 24. d6 Qxb3 25. Qxd3 Qxb2 26. Nd5 Bd7 27. Rb1 Qf2 28. Bf6 Re8 29. Ne7+ Kf7 30. Bxg7 Kxg7 31. Rf1 Qc5 32. Qg3+ Kh8 33. h3 Rxe7 34. dxe7 Qxe7 35. Re1 Qb4 36. Rd1 f4 37. Qg5 1-0

[Event "POR-ch U14/20"]
[Site "Fatima"]
[Date "2022.04.11"]
[Round "2"]
[White "Marques, Afonso Mendes Perei"]
[Black "Cordeiro, Joao Pedro Pereira"]
[Result "1-0"]
[WhiteElo "1550"]
[BlackElo "1178"]
[PlyCount "105"]
[EventDate "2022.04.10"]
[EventType "swiss"]
[EventRounds "9"]
[EventCountry "POR"]
[SourceTitle "EXT 2023"]
[Source "ChessBase"]
[SourceDate "2022.10.05"]
[SourceVersion "1"]
[SourceVersionDate "2022.10.05"]
[SourceQuality "1"]

1. e4 e5 2. Nf3 Nc6 3. d4 exd4 4. Bc4 d6 5. Nxd4 Nxd4 6. Qxd4 Qf6 7. Qd3 Be6 8. Nc3 Bxc4 9. Qxc4 c6 10. 0-0 Qe6 11. Qb3 Qxb3 12. axb3 Nf6 13. Re1 Nd7 14. Bf4 Ne5 15. Bg3 h5 16. f4 h4 17. Bf2 Ng4 18. Rxa7 Rxa7 19. Bxa7 f6 20. Bb6 Rh5 21. h3 Nh6 22. Ra1 d5 23. exd5 cxd5 24. Rd1 Kd7 25. Bf2 Kc6 26. Re1 Bd6 27. Ne2 Nf5 28. Rd1 Rh8 29. Nc3 Ne7 30. f5 Be5 31. Bd4 Bg3 32. Bf2 Bxf2+ 33. Kxf2 Rh5 34. Ne2 Nxf5 35. Nf4 Rh8 36. Nxd5 Re8 37. Nf4 Ng3 38. Rd4 g5 39. Rc4+ Kd6 40. Nd3 f5 41. Rd4+ Kc6 42. Nc1 Re5 43. Kf3 b5 44. c4 b4 45. Nd3 Re2 46. Rd5 Re8 47. Nxb4+ Kc7 48. Nd3 Rf8 49. b4 Ne4 50. Ke3 Re8 51. Re5 Rf8 52. Nc5 Nd6 53. Ne6+ 1-0

[Event "EU-ch U12 28th"]
[Site "Riga"]
[Date "2018.08.24"]
[Round "5"]
[White "Marques, Afonso Mendes Perei"]
[Black "Kalogridis, Antonios"]
[Result "1-0"]
[WhiteElo "1568"]
[BlackElo "1718"]
[PlyCount "63"]
[EventDate "2018.08.20"]
[EventType "swiss"]
[EventRounds "9"]
[EventCountry "LAT"]
[SourceTitle "CBM 186 Extra"]
[Source "ChessBase"]
[SourceDate "2018.08.24"]
[SourceVersion "1"]
[SourceVersionDate "2018.08.24"]
[SourceQuality "1"]

1. Nf3 d6 2. d4 Nf6 3. c4 g6 4. g3 Bg7 5. Bg2 0-0 6. 0-0 Bf5 7. Qb3 b6 8. Nfd2 c6 9. Nc3 e5 10. dxe5 dxe5 11. Rd1 Qc8 12. Nde4 Nxe4 13. Nxe4 Bxe4 14. Bxe4 Qe6 15. Qb4 f5 16. Bc2 Na6 17. Qa3 Nc5 18. b4 Nb7 19. c5 bxc5 20. bxc5 Qe7 21. Rb1 Kh8 22. Qb4 Rab8 23. Ba3 Rfc8 24. Qc4 Rd8 25. Rxd8+ Rxd8 26. Qa6 Nxc5 27. Qxc6 Bf8 28. Bxc5 Qxc5 29. Qf6+ Kg8 30. Bb3+ Rd5 31. Qe6+ Kh8 32. Bxd5 1-0

[Event "Lisbon Portugal op"]
[Site "Lisbon"]
[Date "2018.02.04"]
[Round "2"]
[White "Marques, Afonso Mendes Perei"]
[Black "Dahlgren, James Allen"]
[Result "1-0"]
[WhiteElo "1399"]
[BlackElo "1809"]
[PlyCount "54"]
[EventDate "2018.02.03"]
[EventType "swiss"]
[EventRounds "9"]
[EventCountry "POR"]
[SourceTitle "EXT 2019"]
[Source "ChessBase"]
[SourceDate "2018.10.10"]
[SourceVersion "1"]
[SourceVersionDate "2018.10.10"]
[SourceQuality "1"]

1. e4 c5 2. Nf3 g6 3. d4 cxd4 4. Nxd4 Nc6 5. Nc3 Bg7 6. Be3 Nf6 7. Bc4 Qa5 8. 0-0 Qb4 9. Bb3 Nxe4 10. Nxc6 bxc6 11. a3 Nxc3 12. Qf3 Ne2+ 13. Kh1 Qh4 14. Qxf7+ Kd8 15. Qxg7 Re8 16. Bf7 d6 17. Bxe8 Kxe8 18. Rae1 Bh3 19. gxh3 Qxh3 20. Qg8+ Kd7 21. Qf7 Qg4 22. f3 Qh3 23. Bf4 g5 24. Rf2 gxf4 25. Rfxe2 Re8 26. Qxf4 Rg8 27. Qe4 Rg7 1-0

[Event "Lisbon Portugal op"]
[Site "Lisbon"]
[Date "2017.02.04"]
[Round "1"]
[White "Baptista, Ana Filipa"]
[Black "Marques, Afonso Mendes Perei"]
[Result "1-0"]
[WhiteElo "2094"]
[BlackElo "1179"]
[PlyCount "85"]
[EventDate "2017.02.04"]
[EventType "swiss"]
[EventRounds "9"]
[EventCountry "POR"]
[SourceTitle "CBM 176 Extra"]
[Source "ChessBase"]
[SourceDate "2017.03.02"]
[SourceVersion "1"]
[SourceVersionDate "2017.03.02"]
[SourceQuality "1"]

1. e4 e5 2. d4 exd4 3. Qxd4 Nc6 4. Qe3 Nf6 5. Bc4 Be7 6. e5 Ng4 7. Bxf7+ Kxf7 8. Qf3+ Nf6 9. exf6 Bxf6 10. Qb3+ d5 11. Ne2 Re8 12. Be3 Be6 13. Qxb7 Na5 14. Qb4 Nc4 15. Nd2 Nxb2 16. Nd4 Rb8 17. Qc5 Bxd4 18. Qxd4 a6 19. 0-0 Nc4 20. Nf3 Nxe3 21. Qxe3 Bd7 22. Qc5 Bb5 23. Rfe1 Rxe1+ 24. Rxe1 Qd6 25. Qd4 c5 26. Qh4 h6 27. Qh5+ Kg8 28. Ne5 Re8 29. f4 Qf6 30. Qf3 d4 31. Qd5+ Kh7 32. g3 Rc8 33. Ng4 Qg6 34. Nxh6 Qxh6 35. Qf5+ Qg6 36. Qh3+ Qh6 37. Qxc8 Qh5 38. Qe6 Qf3 39. Qe4+ Qxe4 40. Rxe4 Kg6 41. Re6+ Kf5 42. Re5+ Kf6 43. Rxc5 1-0